Estudios semiológicos
Gespeichert in:
| 1. Verfasser: | |
|---|---|
| Format: | Buch |
| Sprache: | Spanisch |
| Veröffentlicht: |
Madrid
Comunicación
1978
|
| Schlagworte: | |
| Tags: |
Tag hinzufügen
Keine Tags, Fügen Sie den ersten Tag hinzu!
|
MARC
| LEADER | 00000nam a2200000 a 4500 | ||
|---|---|---|---|
| 001 | UCY5083 | ||
| 003 | CL-VaPUC | ||
| 008 | 950411e19780000SP |||||||||||||||||spa|d | ||
| 082 | 0 | 4 | |a 750.18 |b MAR |2 21 |
| 100 | |a Marin, Louis |e autor |9 582009 | ||
| 245 | 1 | 0 | |a Estudios semiológicos |
| 300 | |a 471 p | ||
| 942 | |c BK | ||
| 945 | |d 19950411 00:00:00 |a oaravena | ||
| 260 | |a Madrid |b Comunicación |c 1978 | ||
| 650 | 0 | |a Semiótica |9 265317 | |
| 583 | |a last modification |c 19950411 00:00:00 |k Rodrigo Vera | ||
| 999 | |c 232807 |d 232805 | ||
| 952 | |0 0 |1 0 |4 0 |6 750_180000000000000_MAR_1978 |7 0 |8 P |9 237701 |a BIBARQ |b BIBARQ |d 2019-11-15 |i 307255K |o 750.18 MAR 1978 |p 307255K |r 2025-01-20 |w 2019-11-15 |y BK |k ARQ | ||